| 000 | 00456nam a22001817a 4500 | ||
|---|---|---|---|
| 999 |
_c5710 _d5710 |
||
| 003 | OSt | ||
| 005 | 20190109171837.0 | ||
| 008 | 190109b ||||| |||| 00| 0 eng d | ||
| 020 | _a9781595891167 | ||
| 040 | _cDLC | ||
| 082 |
_a253 _bY54C |
||
| 100 | _aYohannan, K.P. | ||
| 245 |
_aCrisis In Leadership / _cBy K.P. Yohannan. |
||
| 260 |
_aIndia : _bGFA Books, _cc2012. |
||
| 300 | _a70 p.: | ||
| 650 |
_aLeadership _xCrisis In Leadership |
||
| 942 |
_2ddc _cBK |
||